Wave propagation and scattering in random media / (Record no. 24677)
[ view plain ]
| 000 -LEADER | |
|---|---|
| fixed length control field | 01203cam a2200313 ia4500 |
| 001 - CONTROL NUMBER | |
| control field | 2249355 |
| 003 - CONTROL NUMBER IDENTIFIER | |
| control field | EG-ScBUE |
| 005 - DATE AND TIME OF LATEST TRANSACTION | |
| control field | 20250526105757.0 |
| 008 - FIXED-LENGTH DATA ELEMENTS--GENERAL INFORMATION | |
| fixed length control field | 770802t1978 flua f b 001 0 eng d |
| 020 ## - INTERNATIONAL STANDARD BOOK NUMBER | |
| International Standard Book Number | 0123747015 (volume 1) |
| 020 ## - INTERNATIONAL STANDARD BOOK NUMBER | |
| International Standard Book Number | 0123747023 (volume 2) |
| 040 ## - CATALOGING SOURCE | |
| Original cataloging agency | EG-ScBUE |
| Language of cataloging | eng |
| Description conventions | rda |
| Transcribing agency | EG-ScBUE |
| Modifying agency | EG-ScBUE |
| 082 04 - DEWEY DECIMAL CLASSIFICATION NUMBER | |
| Edition number | 22 |
| Classification number | 531.1133 |
| Item number | ISH |
| 100 1# - MAIN ENTRY--PERSONAL NAME | |
| Personal name | Ishimaru, Akira, |
| Dates associated with a name | 1928- |
| Relator term | author. |
| 245 10 - TITLE STATEMENT | |
| Title | Wave propagation and scattering in random media / |
| Statement of responsibility, etc | Akira Ishimaru, Department of Electrical Engineering, University of Washington, Seattle, Washington. |
| 264 #1 - PUBLICATION, DISTRIBUTION, ETC. (IMPRINT) | |
| Place of publication, distribution, etc | Orlando, Florida : |
| Name of publisher, distributor, etc | Academic Press, INC., |
| Date of publication, distribution, etc | [1978] |
| 264 #4 - PUBLICATION, DISTRIBUTION, ETC. (IMPRINT) | |
| Date of publication, distribution, etc | c1978 |
| 300 ## - PHYSICAL DESCRIPTION | |
| Extent | 2 volumes : |
| Other physical details | illustrations ; |
| Dimensions | 24 cm |
| 336 ## - CONTENT TYPE | |
| Source | rdacontent |
| Content type term | text |
| Content type code | txt |
| 337 ## - MEDIA TYPE | |
| Media type term | unmediated |
| Source | rdamedia |
| Media type code | n |
| 338 ## - CARRIER TYPE | |
| Carrier type term | volume |
| Carrier type code | nc |
| Source | rdacarrier |
| 504 ## - BIBLIOGRAPHY, ETC. NOTE | |
| Bibliography, etc | Includes bibliographical references and index.<br/> |
| 505 0# - FORMATTED CONTENTS NOTE | |
| Formatted contents note | Volume 1. Single scattering and transport theory -- Volume 2. Multiple scattering, turbulence, rough surfaces, and remote sensing. |
| 650 #7 - SUBJECT ADDED ENTRY--TOPICAL TERM | |
| Topical term or geographic name as entry element | Waves. |
| Source of heading or term | BUEsh |
| 9 (RLIN) | 7156 |
| 650 #7 - SUBJECT ADDED ENTRY--TOPICAL TERM | |
| Topical term or geographic name as entry element | Scattering (Physics) |
| Source of heading or term | BUEsh |
| 653 ## - INDEX TERM--UNCONTROLLED | |
| Resource For college | Engineering, General |
| Arrived date list | April2017 |
| 655 ## - INDEX TERM--GENRE/FORM | |
| Form subdivision | Reading book |
| 9 (RLIN) | 34232 |
| 942 ## - ADDED ENTRY ELEMENTS (KOHA) | |
| Source of classification or shelving scheme | Dewey Decimal Classification |
| Koha item type | Book - Borrowing |
| Withdrawn status | Lost status | Source of classification or shelving scheme | Damaged status | Not for loan | Collection code | Home library | Current library | Shelving location | Date acquired | Source of acquisition | Cost, normal purchase price | Total Checkouts | Full call number | Barcode | Date last seen | Cost, replacement price | Koha item type | Public note |
|---|---|---|---|---|---|---|---|---|---|---|---|---|---|---|---|---|---|---|
| Dewey Decimal Classification | Baccah | Central Library | Central Library | First floor | 20/04/2017 | Purchase | 3050.00 | 531.1133 ISH | 000041666 | 15/07/2025 | 3813.00 | NB - Book (Non borrowing) | v. 1. | |||||
| Dewey Decimal Classification | Baccah | Central Library | Central Library | First floor | 24/04/2017 | Purchase | 4440.00 | 531.1133 ISH | 000041697 | 15/07/2025 | 5550.00 | NB - Book (Non borrowing) | v. 2. |